<?xml version="1.0" encoding="UTF-8"?>
<record
    xmlns:xsi="http://www.w3.org/2001/XMLSchema-instance"
    xsi:schemaLocation="http://www.loc.gov/MARC21/slim http://www.loc.gov/standards/marcxml/schema/MARC21slim.xsd"
    xmlns="http://www.loc.gov/MARC21/slim">

  <leader>01329nmm a2200373 i 4500</leader>
  <controlfield tag="001">bg</controlfield>
  <datafield tag="946" ind1=" " ind2=" ">
    <subfield code="c">174.11</subfield>
  </datafield>
  <datafield tag="245" ind1="0" ind2="0">
    <subfield code="a">Asertywno&#x15B;&#x107;</subfield>
    <subfield code="h">[Film] /</subfield>
    <subfield code="c">re&#x17C;. i scen. Pawe&#x142; Filarski ; zdj. Wojciech Ostrowski ; kier. prod. Ewa Heimowska.</subfield>
  </datafield>
  <datafield tag="260" ind1=" " ind2=" ">
    <subfield code="a">Gda&#x144;sk :</subfield>
    <subfield code="b">Wytw&#xF3;rnia Film&#xF3;w Szkoleniowych Synergia,</subfield>
    <subfield code="c">[ca 2011].</subfield>
  </datafield>
  <datafield tag="300" ind1=" " ind2=" ">
    <subfield code="a">1 p&#x142;yta wiz. (DVD) (32 min.) :</subfield>
    <subfield code="b">d&#x17A;w., kolor. ;</subfield>
    <subfield code="c">12 cm.</subfield>
  </datafield>
  <datafield tag="500" ind1=" " ind2=" ">
    <subfield code="a">Opakowanie : 19x14x1 cm.</subfield>
  </datafield>
  <datafield tag="511" ind1="1" ind2=" ">
    <subfield code="a">Wykonawcy: Karolina Piechota, Magda Komorowska, Dariusz Szymaniak, Grzegorz Wolf, Tomasz Wi&#x160;cek.</subfield>
  </datafield>
  <datafield tag="650" ind1=" " ind2="4">
    <subfield code="a">Asertywno&#x15B;&#x107;</subfield>
  </datafield>
  <datafield tag="655" ind1=" " ind2="4">
    <subfield code="a">Film edukacyjny</subfield>
  </datafield>
  <datafield tag="655" ind1=" " ind2="4">
    <subfield code="a">Poradniki</subfield>
  </datafield>
  <datafield tag="700" ind1="1" ind2=" ">
    <subfield code="a">Filarski, Pawe&#x142;.</subfield>
    <subfield code="b">Scen.</subfield>
  </datafield>
  <datafield tag="700" ind1="1" ind2=" ">
    <subfield code="a">Filarski, Pawe&#x142;.</subfield>
    <subfield code="b">Re&#x17C;.</subfield>
  </datafield>
  <datafield tag="700" ind1="1" ind2=" ">
    <subfield code="a">Ostrowski, Wojciech.</subfield>
    <subfield code="b">Zdj.</subfield>
  </datafield>
  <datafield tag="700" ind1="1" ind2=" ">
    <subfield code="a">Heimowska, Ewa.</subfield>
    <subfield code="b">Prod.</subfield>
  </datafield>
  <datafield tag="700" ind1="1" ind2=" ">
    <subfield code="a">Piechota, Karolina.</subfield>
    <subfield code="b">Aktor</subfield>
  </datafield>
  <datafield tag="700" ind1="1" ind2=" ">
    <subfield code="a">Komorowska, Magda.</subfield>
    <subfield code="b">Aktor</subfield>
  </datafield>
  <datafield tag="700" ind1="1" ind2=" ">
    <subfield code="a">Szymaniak, Dariusz.</subfield>
    <subfield code="b">Aktor</subfield>
  </datafield>
  <datafield tag="700" ind1="1" ind2=" ">
    <subfield code="a">Wolf, Grzegorz.</subfield>
    <subfield code="b">Aktor</subfield>
  </datafield>
  <datafield tag="700" ind1="1" ind2=" ">
    <subfield code="a">Wi&#x119;cek, Tomasz.</subfield>
    <subfield code="b">Aktor</subfield>
  </datafield>
  <datafield tag="040" ind1=" " ind2=" ">
    <subfield code="c">BPK</subfield>
  </datafield>
  <datafield tag="041" ind1="1" ind2=" ">
    <subfield code="a">pol</subfield>
  </datafield>
  <datafield tag="044" ind1=" " ind2=" ">
    <subfield code="a">POL</subfield>
  </datafield>
  <datafield tag="080" ind1=" " ind2=" ">
    <subfield code="a">159.923</subfield>
  </datafield>
  <datafield tag="080" ind1=" " ind2=" ">
    <subfield code="a">316.64</subfield>
  </datafield>
  <datafield tag="080" ind1=" " ind2=" ">
    <subfield code="a">(086.82)</subfield>
  </datafield>
  <datafield tag="080" ind1=" " ind2=" ">
    <subfield code="a">(083.1)</subfield>
  </datafield>
  <datafield tag="942" ind1=" " ind2=" ">
    <subfield code="c">DVD</subfield>
  </datafield>
  <controlfield tag="008">120705s2011    pl           |000 0 pol  </controlfield>
  <datafield tag="999" ind1=" " ind2=" ">
    <subfield code="c">41249</subfield>
    <subfield code="d">41249</subfield>
  </datafield>
  <datafield tag="856" ind1=" " ind2=" ">
    <subfield code="u">http://koha.tu.koszalin.pl/cgi-bin/koha/opac-detail.pl?biblionumber=41249</subfield>
    <subfield code="y">Katalog online BPK</subfield>
  </datafield>
  <datafield tag="952" ind1=" " ind2=" ">
    <subfield code="0">0</subfield>
    <subfield code="1">0</subfield>
    <subfield code="4">0</subfield>
    <subfield code="7">1</subfield>
    <subfield code="a">ELBUD</subfield>
    <subfield code="b">ELBUD</subfield>
    <subfield code="c">b</subfield>
    <subfield code="o">DD 1698</subfield>
    <subfield code="p">02510279</subfield>
    <subfield code="t">159.9 P(kp)</subfield>
    <subfield code="y">DVD</subfield>
  </datafield>
</record>
